header

The night before Christmas (Record no. 263797)

MARC details
000 -LEADER
fixed length control field 00225nam a22000977a 4500
020 ## - INTERNATIONAL STANDARD BOOK NUMBER
ISBN 0590120565
100 ## - MAIN ENTRY--AUTHOR NAME
Personal name Clement Moore
245 ## - TITLE STATEMENT
Title The night before Christmas
260 ## - PUBLICATION, DISTRIBUTION, ETC. (IMPRINT)
Place of publication New York
Name of publisher Scholastic INC
Year of publication 1998
942 ## - ADDED ENTRY ELEMENTS (KOHA)
Koha item type Long Loan Books
Holdings
Withdrawn status Lost status Collection code Home library Current library Shelving location Date acquired Accession Number Koha item type
    Fiction Rongo University Library Rongo University Library Children's Area 11/06/2024 CL/051/2021 Long Loan Books

© 2026 Rongo University
Contact us: librarian | system librarian | Rongo university